| 000 | 00592nam a22001817a 4500 | ||
|---|---|---|---|
| 003 | PILC | ||
| 005 | 20151021102750.0 | ||
| 008 | 131001t xxu||||| |||| 00| 0 eng d | ||
| 020 | _a981010717X | ||
| 050 |
_aGR 111 _b.T583 1997 |
||
| 082 |
_aGS 398.2 _bMc25 1995 |
||
| 245 |
_aTimes asian folktales from Korea / _cretold by Margeri Kahlenberg-Williams. |
||
| 260 |
_aSingapore : _bEarly bird books, _c1997 |
||
| 300 |
_a60 p. : _bill. col. ; _c27 cm. |
||
| 520 | _aThe Empty Flowe Pot The willow whistle The tricky tiger The noble magpie The stonemen | ||
| 942 |
_2lcc _cBK |
||
| 999 |
_c12473 _d12473 |
||